| 000 | 00625nam a22001577a 4500 | ||
|---|---|---|---|
| 020 | _a978-1-905654-31-4 | ||
| 082 |
_a823 _bCAS/M |
||
| 100 | _aCAST,KRISTIN | ||
| 245 | _aMARKED : A HOUSE OF NIGHT NOVEL | ||
| 250 | _aFIRST | ||
| 260 |
_aLONDON _bATOM |
||
| 300 | _a348 | ||
| 520 | _aEnter the dark, magical world of the House of Night, a world very much like our own, except here vampyres have always existed. Sixteen-year-old Zoey Redbird has just been Marked as a fledgling vampyre and joins the House of Night, a school where she will train to become an adult vampyre. | ||
| 650 |
_aNOVEL, ENGLISH _zLONDON |
||
| 942 | _cBK | ||
| 999 |
_c2352 _d2352 |
||